000 00726nam a2200277Ia 4500
003 OSt
005 20221007110942.0
006 a|||||r|||| 00| 0
007 ta
008 221006b |||||||| |||| 00| 0 eng d
024 _a22,246
037 _cTextual
040 _aLCO
_cLCO
_beng
041 _2eng
_aeng
082 _aZ281,83qk, P8
100 _aKhera R.C.
245 0 _aDelhi High Court Rules.2V
250 _a5th
260 _aDelhi
_bAllied Book Company India
_c2008
300 _a960+
490 _vVol.- 1Vol.- 1
500 _aPractice & Procedure
650 _aDELHI HIGH COURT
_9708090
942 _hZ281,83qk, P8
_cTEXL
999 _c1191809
_d1191809